Game of Thrones: Houses that went extinct - Statistics

General Stats
  • This quiz has been taken 74 times
  • The average score is 5 of 11
Answer Stats
Answer % Correct
House Tyrell
74%
House Bolton
60%
House Mormont
53%
House Martell
52%
House Karstark
45%
House Frey
43%
House Umber
40%
House Reyne
33%
House Baelish
24%
House Clegane
24%
House Hollard
3%
No matching quizzes found
Score Distribution
Percent of People with Each Score
Percentile by Number Answered
Your Score History
You have not taken this quiz